Statistiques concernant MotoGP #pilotes italiens"

Cliquez ici pour prendre le quiz!

Statistiques générales

  • Ce quiz a été pris 15 fois
  • Le résultat moyen est 10 sur 59

Statistiques - réponses

Pilotes% Correct
Ricardo Rossi
100%
Valentino Rossi
100%
Francesco Bagnaia
92%
Enea Bastianini
77%
Franco Morbidelli
77%
Lucas Marini
77%
Andrea Dovizioso
62%
Marco Bezzecchi
62%
Marco Simoncelli
62%
Celestino Vietti
46%
Fabio Di Giannantonio
46%
Andrea Iannone
38%
Danilo Petrucci
23%
Dennis Foggia
23%
Tony Arbolino
23%
Andrea Migno
15%
Romano Fenati
15%
Lorenzo Savadori
8%
Marco Melandri
8%
Matteo Bertelle
8%
Nicolo Bulega
8%
Stefano Manzi
8%
Alberto Surra
0%
Alessandro Tonucci
0%
Alessandro Zaccone
0%
Alessio Finello
0%
Alex Baldolini
0%
Andrea Locatelli
0%
Andrea Mantovani
0%
Armando Pontone
0%
Claudio Corti
0%
Davide Pizzoli
0%
Elia Bartolini
0%
Fabio Spiranelli
0%
Federico Fuligni
0%
Filippo Farioli
0%
Francesco Mauriello
0%
Kevin Manfredi
0%
Kevin Zannoni
0%
Lorenzo Baldassarri
0%
Lorenzo Dalla Porta
0%
Lorenzo Petrarca
0%
Luca Lunetta
0%
Luigi Morciano
0%
Manuel Pagliani
0%
Massimo Roccoli
0%
Matteo Ferrari
0%
Mattia Casadei
0%
Mattia Pasini
0%
Michele Pirro
0%
Niccolo Antonelli
0%
Niccolo Canepa
0%
Nicholas Spinelli
0%
Nicola Carraro
0%
Simone Corsi
0%
Stefano Nepa
0%
Stefano Valtulini
0%
Tommaso Marcon
0%
Yari Montella
0%

Distribution des résultats

Percentile par nombre de réponses

% des personnes avec chaque résultat

Votre développement - résultats

Vous n’avez pas pris ce quiz